| 000 | 00428nam a22001817a 4500 | ||
|---|---|---|---|
| 005 | 20260120153601.0 | ||
| 008 | 260120b |||||||| |||| 00| 0 eng d | ||
| 020 |
_a9789351735007 _c425.00 |
||
| 040 | _aMAIN | ||
| 041 | _aEnglish | ||
| 082 |
_a658.403 _bMIS |
||
| 100 |
_aMishra, J.P. _925969 |
||
| 245 | _aBusiness Economics | ||
| 260 |
_aAgra _bSahitya Bhawan _c2025 |
||
| 300 | _a508 | ||
| 650 | _aCommerce | ||
| 942 | _cBK | ||
| 999 |
_c60006 _d60006 |
||